Logos with Birds Quiz Stats

 Plays Quiz Updated Aug 14, 2016

Also try: Angry Brands
Challenge
Share
Tweet
Score 0/12 Timer 04:00
14 Plays Today
% Correct
Twitter
97.5%
NBC
92.4%
St. Louis Cardinals
80.1%
Baltimore Ravens
73.9%
Chick-Fil-A
72.1%
Penguin Books
69.2%
Hooters
65.9%
Nestlé
63.8%
TripAdvisor
45.1%
Nationwide Insurance
43.7%
Lufthansa
43.2%
American Eagle Outfitters
42.2%

You're not logged in!

Compare scores with friends on all Sporcle quizzes.
OR
Log In

You Might Also Like...

Show Comments

Extras

Top Quizzes Today


Score Distribution

Your Account Isn't Verified!

In order to create a playlist on Sporcle, you need to verify the email address you used during registration. Go to your Sporcle Settings to finish the process.

Report this User

Report this user for behavior that violates our Community Guidelines.

Details: